书目信息 |
| 题名: |
公差与配合标准简介
|
|
| 作者: | 《公差与配合》国家标准工作组编 | |
| 分册: | ||
| 出版信息: | 北京 技术标准出版社 1980 |
|
| 页数: | 143页 | |
| 开本: | 21cm | |
| 丛书名: | ||
| 单 册: | ||
| 中图分类: | TG801-65 , T-652.1 | |
| 科图分类: | ||
| 主题词: | 公差:配合--标准--简介--中国 , 配合:公差--标准--简介--中国 , 工业技术--规程 , 工业技术--标准 | |
| 电子资源: | ||
| ISBN: | ||
| 000 | 00770nam0 2200277 45 | |
| 001 | 0180006257 | |
| 005 | 20040520164441.8 | |
| 010 | @dCNY0.70 | |
| 091 | @a15169.3-153 | |
| 100 | @a19950701d1980 em y0chiy0121 ea | |
| 101 | 0 | @achi |
| 102 | @aCN@b110000 | |
| 105 | @ay z 000yy | |
| 106 | @ar | |
| 200 | 10 | @a公差与配合标准简介@Agong cha yu pei he biao zhun jian jie@f《公差与配合》国家标准工作组编 |
| 210 | @a北京@c技术标准出版社@d1980 | |
| 215 | @a143页@d21cm | |
| 606 | @a公差:配合@x标准@x简介@y中国 | |
| 606 | @a配合:公差@x标准@x简介@y中国 | |
| 606 | 0 | @a工业技术@x规程 |
| 606 | 0 | @a工业技术@x标准 |
| 690 | @aTG801-65@v3 | |
| 690 | @aT-652.1 | |
| 801 | 0 | @aCN@b上海图书馆@c20040520 |
| 801 | 2 | @aCN@bNLC@c20040520 |
| 905 | @f1@b35262@dT-652.1@e14 | |
| 公差与配合标准简介/《公差与配合》国家标准工作组编.-北京:技术标准出版社,1980 |
| 143页;21cm |
| ISBN :CNY0.70 |
| ● |
| 相关链接 |
|
|
|
|
正题名:公差与配合标准简介
索取号:T-652.1/14
 
预约/预借
| 序号 | 登录号 | 条形码 | 馆藏地/架位号 | 状态 | 备注 |
| 1 | 0035262 | 000882619 | 第三借阅区/ [索取号:T-652.1/14] | 在馆 | |
| 2 | 0035263 | 000882575 | 第二样本阅览室/ [索取号:T-652.1/14] | 在馆 |